[Event "Mittelfrankenliga 05/06 (B2b)"]
[Site "Mfr.2005/06-R7"]
[Date "2006.03.19"]
[Round "7.7"]
[White "Hintyes, Helmuth"]
[Black "Lutz, Rainer"]
[Result "0-1"]
[WhiteElo "1806"]
[BlackElo "1834"]
[Annotator "Bechhofen1-SW Nbg.3"]
[PlyCount "31"]
[EventDate "2006.03.19"]
[SourceDate "2005.10.17"]

1. c4 Nf6 2. d4 c6 3. Nc3 g6 4. e4 d6 5. f4 Bg7 6. Nf3 O-O 7. Bd3 Bg4 8. h3 Bd7
9. e5 Ne8 10. Qe2 Na6 11. g4 Nac7 12. f5 b5 13. cxb5 cxb5 14. Nd2 b4 15. Nd1
dxe5 16. Nc4 0-1

[Event "Mittelfrankenliga 05/06 (B2b)"]
[Site "Mfr.2005/06-R7"]
[Date "2006.03.19"]
[Round "7.8"]
[White "Kurz, Christian"]
[Black "Roth, Hans"]
[Result "1/2-1/2"]
[WhiteElo "1830"]
[BlackElo "1753"]
[Annotator "Bechhofen1-SW Nbg.3"]
[PlyCount "98"]
[EventDate "2006.03.19"]
[SourceDate "2005.10.17"]

1. d4 Nf6 2. Nf3 g6 3. c4 Bg7 4. Nc3 d6 5. e4 Nbd7 6. Be2 e5 7. O-O O-O 8. Re1
Re8 9. d5 Nc5 10. Bf1 a5 11. b3 Bd7 12. a3 b6 13. Qc2 Nh5 14. Bd2 f5 15. b4
Nxe4 16. Nxe4 fxe4 17. Ng5 e3 18. Bxe3 Bf5 19. Ne4 Qh4 20. f3 Nf6 21. Bf2 Qh6
22. Bd3 Nxe4 23. Bxe4 Bxe4 24. fxe4 Rf8 25. c5 bxc5 26. bxc5 g5 27. Rab1 Qg6
28. Rb7 Rfc8 29. Rf1 Bf8 30. c6 Be7 31. Be1 g4 32. a4 Bg5 33. Qe2 h5 34. Rb5
Qh6 35. Rxa5 Rab8 36. Rb5 Ra8 37. a5 Be3+ 38. Kh1 Rf8 39. Bh4 Rxf1+ 40. Qxf1
Rf8 41. Qe2 Qf4 42. Rb1 Qxe4 43. Re1 Qd4 44. Rd1 Qa4 45. Rb1 Qe4 46. Re1 Qd4
47. Qc2 e4 48. a6 Qd3 49. Qb1 Qxa6 1/2-1/2

[Event "Mittelfrankenliga 05/06 (B2b)"]
[Site "Mfr.2005/06-R7"]
[Date "2006.03.19"]
[Round "7.1"]
[White "Kendzia, Nikolai"]
[Black "Wittmann, Helmut"]
[Result "0-1"]
[WhiteElo "1902"]
[BlackElo "2099"]
[Annotator "BSGW Erlangen1-Postbauer2"]
[PlyCount "82"]
[EventDate "2006.03.19"]
[SourceDate "2005.10.17"]

1. e4 e6 2. d4 b6 3. c4 Bb7 4. Nc3 Bb4 5. Qc2 Qh4 6. Bd2 Bxc3 7. Qxc3 Qxe4+ 8.
Ne2 Nc6 9. O-O-O a5 10. f3 Qh4 11. a3 Nge7 12. g3 Qf6 13. h4 h6 14. Bg5 Nb4 15.
axb4 Qxf3 16. d5 Qxc3+ 17. Nxc3 hxg5 18. Nb5 O-O 19. bxa5 exd5 20. Bg2 Rxa5 21.
b4 Ra2 22. Rd2 Ra1+ 23. Kb2 Rxh1 24. Bxh1 Bc6 25. Nxc7 dxc4 26. Bxc6 dxc6 27.
hxg5 Rc8 28. Rd7 Ng6 29. Na6 Kf8 30. Rb7 b5 31. Kc3 Rd8 32. Rb8 Ke7 33. Rb7+
Rd7 34. Rxd7+ Kxd7 35. Nc5+ Kc7 36. Kd4 Ne7 37. Na6+ Kb6 38. Nc5 Kc7 39. Na6+
Kd6 40. Nc5 Nd5 41. Ne4+ Kc7 0-1

[Event "Mittelfrankenliga 05/06 (B2b)"]
[Site "Mfr.2005/06-R7"]
[Date "2006.03.19"]
[Round "7.2"]
[White "Lange, Carsten[65]"]
[Black "Naegelein, Andreas"]
[Result "1-0"]
[WhiteElo "1969"]
[BlackElo "1820"]
[Annotator "BSGW Erlangen1-Postbauer2"]
[PlyCount "87"]
[EventDate "2006.03.19"]
[SourceDate "2005.10.17"]

1. Nf3 g6 2. c4 Bg7 3. g3 d6 4. Bg2 Nc6 5. Nc3 e5 6. d3 Nf6 7. Rb1 O-O 8. b4
Rb8 9. b5 Ne7 10. O-O Bd7 11. a4 Qc8 12. c5 Bh3 13. Ba3 Bxg2 14. Kxg2 Qd7 15.
Qb3 h6 16. cxd6 cxd6 17. Ne4 Ne8 18. d4 exd4 19. Rfd1 Rd8 20. Nxd4 Bxd4 21.
Rxd4 Nf5 22. Rd2 Qe7 23. Qd3 Nf6 24. Nxf6+ Qxf6 25. e4 Ng7 26. Bb2 Qe6 27. Qd4
f6 28. f3 b6 29. Rc1 Rf7 30. Rc6 Ne8 31. Qd5 Qxd5 32. Rxd5 Rfd7 33. f4 Kf7 34.
h4 Ke6 35. Rd1 Ke7 36. Kf3 Ng7 37. g4 Kf7 38. f5 g5 39. hxg5 hxg5 40. Rh1 Ne8
41. Rc2 Kg8 42. Rch2 Kf8 43. Rh8+ Kf7 44. R1h6 1-0

[Event "Mittelfrankenliga 05/06 (B2b)"]
[Site "Mfr.2005/06-R7"]
[Date "2006.03.19"]
[Round "7.3"]
[White "Firla, Erwin"]
[Black "Bous, Florian"]
[Result "1/2-1/2"]
[WhiteElo "1944"]
[BlackElo "1943"]
[Annotator "BSGW Erlangen1-Postbauer2"]
[PlyCount "55"]
[EventDate "2006.03.19"]
[SourceDate "2005.10.17"]

1. e4 e5 2. Nf3 Nf6 3. Nxe5 d6 4. Nf3 Nxe4 5. Qe2 Qe7 6. d3 Nf6 7. Bg5 Nbd7 8.
Nc3 Qxe2+ 9. Bxe2 h6 10. Be3 c6 11. O-O Be7 12. h3 Nb6 13. Rfe1 O-O 14. Bxb6
axb6 15. Bf1 Re8 16. Ne4 Be6 17. a3 b5 18. c3 d5 19. Ned2 c5 20. d4 b4 21. Bb5
bxc3 22. bxc3 Rec8 23. a4 cxd4 24. Nxd4 Rxc3 25. Nxe6 fxe6 26. Rxe6 Bc5 27. Kf1
Rc2 28. Re2 1/2-1/2

[Event "Mittelfrankenliga 05/06 (B2b)"]
[Site "Mfr.2005/06-R7"]
[Date "2006.03.19"]
[Round "7.4"]
[White "Schulz, Wilfried[48]"]
[Black "Pfeiffer, Georg"]
[Result "1-0"]
[WhiteElo "1953"]
[BlackElo "1911"]
[Annotator "BSGW Erlangen1-Postbauer2"]
[PlyCount "189"]
[EventDate "2006.03.19"]
[SourceDate "2005.10.17"]

1. e4 c5 2. Nc3 Nc6 3. g3 g6 4. Bg2 Bg7 5. f4 d6 6. Nf3 Nf6 7. O-O O-O 8. d3 a6
9. h3 e6 10. Be3 Qb6 11. Rb1 Qc7 12. Ne2 Bd7 13. g4 Rac8 14. Ng3 Nd4 15. c3
Nxf3+ 16. Bxf3 b5 17. Qe1 Qa5 18. a3 b4 19. axb4 cxb4 20. Ra1 Qb5 21. c4 Qb8
22. Rxa6 Ne8 23. Rb6 Qc7 24. Qxb4 Bc6 25. Ne2 f5 26. exf5 Bxf3 27. Rxf3 gxf5
28. g5 e5 29. Qb5 Qf7 30. Kg2 e4 31. dxe4 fxe4 32. Rf2 Qxc4 33. Qxc4+ Rxc4 34.
Kg3 d5 35. b3 Rc2 36. Kg4 Nc7 37. f5 Be5 38. f6 d4 39. Nxd4 Rxf2 40. Bxf2 e3
41. Bxe3 Nd5 42. Nf5 Nxb6 43. Bxb6 h5+ 44. Kxh5 Bxf6 45. Nh6+ Kh7 46. gxf6 Rxf6
47. Be3 Rf3 48. Ng4 Rxh3+ 49. Kg5 Kg7 50. b4 Kf7 51. Bc5 Ke6 52. Ne3 Rh1 53.
Kf4 Rh4+ 54. Kf3 Kd7 55. Nf5 Rc4 56. Nd4 Kc7 57. Ke4 Rc1 58. Kd5 Rb1 59. Kc4
Kb7 60. Kb5 Rb2 61. Nc6 Rb1 62. Na5+ Kc7 63. Ka6 Rc1 64. Be3 Rb1 65. Bf4+ Kd7
66. b5 Ke6 67. b6 Kf5 68. Bc7 Ke6 69. b7 Rxb7 70. Kxb7 Kd5 71. Kb6 Kd4 72. Kc6
Ke4 73. Kc5 Kd3 74. Kd5 Ke3 75. Bd6 Kd3 76. Bc5 Kc3 77. Ke4 Kd2 78. Bd4 Ke2 79.
Be3 Kd1 80. Nc4 Ke2 81. Nd2 Kd1 82. Kd3 Ke1 83. Bd4 Kd1 84. Bf2 Kc1 85. Nc4 Kd1
86. Ne3+ Kc1 87. Kc3 Kb1 88. Be1 Ka2 89. Nc4 Kb1 90. Bd2 Ka2 91. Kc2 Ka1 92.
Bc1 Ka2 93. Nb6 Ka1 94. Na4 Ka2 95. Nc3+ 1-0

[Event "Mittelfrankenliga 05/06 (B2b)"]
[Site "Mfr.2005/06-R7"]
[Date "2006.03.19"]
[Round "7.5"]
[White "Mueller, Rudolf[31]"]
[Black "Schiller, Angel"]
[Result "1-0"]
[WhiteElo "1889"]
[BlackElo "1780"]
[Annotator "BSGW Erlangen1-Postbauer2"]
[PlyCount "133"]
[EventDate "2006.03.19"]
[SourceDate "2005.10.17"]

1. d4 Nf6 2. Nd2 d5 3. Ngf3 g6 4. e3 a6 5. Bd3 Bg7 6. h3 Nbd7 7. c3 O-O 8. O-O
Re8 9. Bc2 e5 10. Re1 e4 11. Nh2 c5 12. b3 cxd4 13. cxd4 b5 14. Bb2 Qb6 15. b4
Qd6 16. a3 Nb6 17. Nb3 Nc4 18. Bc3 Nd7 19. Nc5 Ndb6 20. a4 bxa4 21. Bxa4 Nxa4
22. Qxa4 Be6 23. Nf1 Nb6 24. Qc2 Nc4 25. Nd2 Nxd2 26. Qxd2 Bd7 27. Nxd7 Qxd7
28. Ra5 Bf6 29. Qa2 Qb7 30. Qxd5 Qxd5 31. Rxd5 Be7 32. Ra1 Rec8 33. Be1 f5 34.
Rda5 Rab8 35. g4 fxg4 36. hxg4 Bxb4 37. Bxb4 Rxb4 38. Re5 Rc6 39. Rxe4 Rb5 40.
Re8+ Kf7 41. Ra8 Rbb6 42. Ra7+ Kf6 43. Ra5 h6 44. Kg2 g5 45. e4 Re6 46. e5+ Kg6
47. Kf3 h5 48. gxh5+ Kxh5 49. Ke4 Kg6 50. Rc5 Rb2 51. f3 Re2+ 52. Kd5 Rb6 53.
Rc6+ Rxc6 54. Kxc6 Re3 55. Rxa6 Rxf3 56. Kd5+ Kf7 57. Ra7+ Kf8 58. e6 g4 59.
Kd6 Re3 60. Ra8+ Kg7 61. Ra5 Kf6 62. d5 g3 63. Ra1 Rb3 64. Rf1+ Kg5 65. e7 Re3
66. Kd7 g2 67. Rg1 1-0

[Event "Mittelfrankenliga 05/06 (B2b)"]
[Site "Mfr.2005/06-R7"]
[Date "2006.03.19"]
[Round "7.6"]
[White "Reincke, Peter Uwe"]
[Black "Hoeppe, Dirk"]
[Result "0-1"]
[WhiteElo "1759"]
[BlackElo "1858"]
[Annotator "BSGW Erlangen1-Postbauer2"]
[PlyCount "74"]
[EventDate "2006.03.19"]
[SourceDate "2005.10.17"]

1. c4 c5 2. g3 Nc6 3. Bg2 g6 4. e3 Bg7 5. Ne2 Qb6 6. Nbc3 e6 7. O-O Nge7 8. Rb1
d6 9. a3 O-O 10. b4 cxb4 11. axb4 Qd8 12. d4 d5 13. c5 Rb8 14. Ba3 h5 15. Nc1
Nf5 16. Nb3 Re8 17. Qd2 h4 18. Nb5 hxg3 19. hxg3 Bd7 20. Rfd1 a6 21. Nc3 Na7
22. e4 dxe4 23. Bxe4 Bh6 24. Qd3 Nb5 25. Nxb5 Bxb5 26. Qf3 Qg5 27. d5 Nh4 28.
Qh1 Nf5 29. Bxf5 gxf5 30. Bc1 Qg4 31. Rd4 Qe2 32. Bxh6 exd5 33. Be3 Rxe3 34.
fxe3 Qxe3+ 35. Kh2 Kg7 36. Qg2 Bc6 37. g4 Rh8+ 0-1

[Event "Mittelfrankenliga 05/06 (B2b)"]
[Site "Mfr.2005/06-R7"]
[Date "2006.03.19"]
[Round "7.7"]
[White "Kordts, Florian"]
[Black "Neukum, Norbert"]
[Result "1/2-1/2"]
[WhiteElo "1765"]
[BlackElo "1710"]
[Annotator "BSGW Erlangen1-Postbauer2"]
[PlyCount "126"]
[EventDate "2006.03.19"]
[SourceDate "2005.10.17"]

1. c4 c5 2. Nc3 Nf6 3. g3 g6 4. Bg2 Bg7 5. e3 O-O 6. Nge2 Nc6 7. d4 cxd4 8.
exd4 d6 9. O-O Bf5 10. a3 Qd7 11. Re1 Rac8 12. b4 a6 13. Bb2 b5 14. c5 d5 15.
Nf4 e6 16. h3 h5 17. Nce2 a5 18. Nd3 a4 19. Ne5 Nxe5 20. dxe5 Ne4 21. f3 Nxc5
22. bxc5 Rxc5 23. Nd4 g5 24. Nxf5 exf5 25. f4 gxf4 26. gxf4 Rc4 27. Rf1 Qa7+
28. Kh1 Rfc8 29. Bxd5 Rc2 30. Bd4 Qe7 31. Rf2 R2c7 32. Bb6 Rc3 33. Rf3 Rc2 34.
Bf2 b4 35. axb4 Qxb4 36. Rb1 Qa5 37. Bb6 Qa6 38. Qf1 Qxf1+ 39. Rfxf1 Rd2 40.
Rfd1 Rdc2 41. Bg2 Bh6 42. Be3 a3 43. Ra1 Bf8 44. Rg1 Kh7 45. Bd5 R8c7 46. Rgc1
R2c3 47. Rxc3 Rxc3 48. Re1 Rd3 49. Bxf7 Bb4 50. Re2 h4 51. Kg2 Kg7 52. Be6 Bc3
53. Bxf5 Rxe3 54. Rc2 Bb2 55. Be6 Rg3+ 56. Kh2 Rf3 57. Rc7+ Kh6 58. Rf7 Rxf4
59. Rxf4 Bxe5 60. Kg2 Bxf4 61. Kf3 Kg5 62. Bg8 Kf5 63. Ke2 Ke5 1/2-1/2

[Event "Mittelfrankenliga 05/06 (B2b)"]
[Site "Mfr.2005/06-R7"]
[Date "2006.03.19"]
[Round "7.8"]
[White "Moosberger, Guenther"]
[Black "Riexinger, Martin"]
[Result "1/2-1/2"]
[WhiteElo "1601"]
[BlackElo "1561"]
[Annotator "BSGW Erlangen1-Postbauer2"]
[PlyCount "41"]
[EventDate "2006.03.19"]
[SourceDate "2005.10.17"]

1. d4 Nf6 2. c4 g6 3. Nc3 Bg7 4. e4 d6 5. f3 O-O 6. Be3 c6 7. Qd2 e5 8. Nge2
Be6 9. d5 cxd5 10. cxd5 Bd7 11. Nc1 Ne8 12. g4 f5 13. Bg5 Qb6 14. Be3 Qd8 15.
Bg5 Qc8 16. gxf5 gxf5 17. Bd3 f4 18. Nb3 b6 19. Rg1 Kh8 20. Rc1 Qb7 21. Qf2
1/2-1/2

[Event "Mittelfrankenliga 05/06 (B1)"]
[Site "Mfr.2005/06-R8"]
[Date "2006.04.02"]
[Round "8.1"]
[White "Promyshlyanskiy, Vitaliy"]
[Black "Schneider, David[53]"]
[Result "1-0"]
[WhiteElo "2240"]
[BlackElo "2153"]
[Annotator "Gr'seebach1-NT Nbg.3"]
[PlyCount "113"]
[EventDate "2006.04.02"]
[SourceDate "2005.10.17"]

1. e4 e5 2. Nf3 Nf6 3. Nxe5 d6 4. Nf3 Nxe4 5. d4 d5 6. Bd3 Nc6 7. O-O Bg4 8.
Re1 Be7 9. c3 f5 10. Nbd2 O-O 11. Nf1 Bh4 12. Ng3 Nxf2 13. Kxf2 f4 14. Be2 Qf6
15. Nxh4 Qxh4 16. Bxf4 Rxf4+ 17. Kg1 Bxe2 18. Qxe2 Qg4 19. Qb5 Qd7 20. Rf1 Rff8
21. Rae1 Rad8 22. Qxb7 Rxf1+ 23. Rxf1 Rb8 24. Qa6 Rxb2 25. Nf5 Rb6 26. Qa3 Rb8
27. Qc5 Re8 28. a4 h6 29. a5 Kh7 30. a6 Re6 31. Ng3 Qd6 32. Qxd6 Rxd6 33. Rf7
Nd8 34. Rxc7 Rxa6 35. Rd7 Ne6 36. Rxd5 Nf4 37. Rf5 Nd3 38. h4 Ra1+ 39. Kh2 Rc1
40. Ra5 Rxc3 41. Rxa7 Rc2 42. Nf5 Kg6 43. Ne3 Re2 44. Nd5 Re4 45. h5+ Kf5 46.
Ne7+ Ke6 47. d5+ Kd6 48. Nf5+ Kxd5 49. Nxg7 Rg4 50. Ra5+ Kc6 51. Nf5 Kb6 52.
Nxh6 Rxg2+ 53. Kxg2 Kxa5 54. Kf3 Kb6 55. Nf7 Nc5 56. h6 Ne6 57. h7 1-0

[Event "Mittelfrankenliga 05/06 (B1)"]
[Site "Mfr.2005/06-R8"]
[Date "2006.04.02"]
[Round "8.2"]
[White "Suess, Sefan[87]"]
[Black "Vogiatzis, Dimitrios"]
[Result "1-0"]
[WhiteElo "1846"]
[BlackElo "1954"]
[Annotator "Gr'seebach1-NT Nbg.3"]
[PlyCount "81"]
[EventDate "2006.04.02"]
[SourceDate "2005.10.17"]

1. d4 d5 2. Nc3 f5 3. Bg5 g6 4. Qd2 Bg7 5. h4 h6 6. Bf4 Nf6 7. Nf3 Ng4 8. e3 c6
9. O-O-O Nd7 10. Ne1 b5 11. f3 Ngf6 12. Nd3 a5 13. Ne5 Nxe5 14. dxe5 Nh5 15.
Bh2 b4 16. Na4 Qc7 17. Qd4 Qa7 18. Nb6 Be6 19. g4 Rb8 20. Na4 Qxd4 21. Rxd4
fxg4 22. fxg4 O-O 23. gxh5 gxh5 24. Bf4 Bg4 25. Rd2 Rbd8 26. Rd4 e6 27. Nc5 Rf7
28. Bh3 Re8 29. Rd2 Bf8 30. Nd3 Kh7 31. Bxg4 hxg4 32. h5 c5 33. Nf2 c4 34. Nxg4
Bg7 35. Rg2 d4 36. Rhg1 a4 37. Nf6+ Bxf6 38. exf6 e5 39. Rg7+ Rxg7 40. Rxg7+
Kh8 41. Bxh6 1-0

[Event "Mittelfrankenliga 05/06 (B1)"]
[Site "Mfr.2005/06-R8"]
[Date "2006.04.02"]
[Round "8.3"]
[White "Ederer, Rene"]
[Black "Seyb, Dieter"]
[Result "1/2-1/2"]
[WhiteElo "1936"]
[BlackElo "2219"]
[Annotator "Gr'seebach1-NT Nbg.3"]
[PlyCount "143"]
[EventDate "2006.04.02"]
[SourceDate "2005.10.17"]

1. d4 Nf6 2. c4 c5 3. d5 e5 4. Nc3 d6 5. e4 Be7 6. Bd3 O-O 7. Nf3 Nbd7 8. a3
Ne8 9. Be3 g6 10. g4 Ng7 11. h3 f5 12. gxf5 gxf5 13. exf5 Nxf5 14. Qe2 Qe8 15.
O-O-O Nxe3 16. fxe3 Qh5 17. Rdg1+ Kh8 18. Qg2 Qh6 19. h4 Nf6 20. Ng5 Bd7 21.
Nce4 Ng4 22. Rh3 Qg7 23. Be2 Nh6 24. Rhh1 Bf5 25. Qh2 Bxg5 26. Nxg5 Qe7 27. Bh5
Bd7 28. e4 Rf4 29. Rg2 Qf6 30. Qg3 Rf8 31. Rhg1 Rf1+ 32. Rxf1 Qxf1+ 33. Kd2
Qf4+ 34. Kd3 Qxg3+ 35. Rxg3 Rf4 36. Nf3 Ng4 37. Bxg4 Bxg4 38. Ke3 h6 39. b4 b6
40. bxc5 bxc5 41. Nd2 Kh7 42. Rg1 Kg6 43. Rb1 Kh5 44. Rb7 Kxh4 45. Rxa7 h5 46.
a4 Kg3 47. a5 Rf8 48. a6 h4 49. Rh7 h3 50. a7 Kg2 51. Rg7 h2 52. Rxg4+ Kh3 53.
Rg7 h1=Q 54. Rh7+ Kg2 55. Rg7+ Kh2 56. Rh7+ Kg1 57. Rxh1+ Kxh1 58. Nb1 Ra8 59.
Nc3 Rxa7 60. Nb5 Ra6 61. Kf3 Kh2 62. Kg4 Kg2 63. Kf5 Kf3 64. Nxd6 Rxd6 65. Kxe5
Rd8 66. d6 Re8+ 67. Kd5 Kf4 68. Kxc5 Ke5 69. Kc6 Rc8+ 70. Kd7 Rxc4 71. Ke7 Rxe4
72. d7 1/2-1/2

[Event "Mittelfrankenliga 05/06 (B1)"]
[Site "Mfr.2005/06-R8"]
[Date "2006.04.02"]
[Round "8.4"]
[White "Borel, Markus"]
[Black "Renner, Christian"]
[Result "0-1"]
[WhiteElo "1863"]
[BlackElo "1936"]
[Annotator "Gr'seebach1-NT Nbg.3"]
[PlyCount "82"]
[EventDate "2006.04.02"]
[SourceDate "2005.10.17"]

1. e4 c6 2. d4 d5 3. e5 Bf5 4. h4 h5 5. c4 e6 6. Nc3 dxc4 7. Bxc4 Nd7 8. Nf3
Nb6 9. Be2 Bg6 10. Bg5 Qd7 11. Qb3 Ne7 12. O-O Ned5 13. a3 Be7 14. Bxe7 Qxe7
15. g3 Bf5 16. Ng5 Nxc3 17. bxc3 f6 18. Nf3 O-O-O 19. a4 Qc7 20. Rfe1 a5 21. c4
c5 22. Rad1 Qc6 23. Qb5 Qxb5 24. axb5 Nd7 25. exf6 gxf6 26. d5 exd5 27. Rxd5
Be6 28. Rd6 Bg4 29. Nh2 Kc7 30. Rd5 Be6 31. Rxh5 Rxh5 32. Bxh5 Bxc4 33. Be2 Re8
34. Kf1 Rxe2 35. Rxe2 a4 36. Ng4 a3 37. Ne3 a2 38. Nc2 Ne5 39. Ke1 Nf3+ 40. Kd1
Bxe2+ 41. Kxe2 Nd4+ 0-1

[Event "Mittelfrankenliga 05/06 (B1)"]
[Site "Mfr.2005/06-R8"]
[Date "2006.04.02"]
[Round "8.5"]
[White "Vogiatzis, Joannis"]
[Black "Seyb, Alexander"]
[Result "0-1"]
[WhiteElo "1921"]
[BlackElo "2094"]
[Annotator "Gr'seebach1-NT Nbg.3"]
[PlyCount "146"]
[EventDate "2006.04.02"]
[SourceDate "2005.10.17"]

1. b3 e5 2. Bb2 Nc6 3. e3 Nf6 4. c4 d5 5. cxd5 Nxd5 6. a3 Be6 7. Bb5 Bd6 8. Qc2
O-O 9. Nf3 Re8 10. Bd3 h6 11. h4 Nf6 12. Nc3 Na5 13. b4 Nb3 14. Rb1 c6 15. Ne4
Nxe4 16. Bxe4 a5 17. Bh7+ Kh8 18. Ng5 axb4 19. Nxe6 Rxe6 20. Qxb3 bxa3 21. Bf5
Rf6 22. Be4 axb2 23. Qxb2 Rb8 24. g4 Re6 25. Ke2 Be7 26. h5 b5 27. Rbd1 Bf6 28.
Bf5 Rd6 29. Qb3 Qe7 30. f3 c5 31. Bb1 Qc7 32. Qc2 Kg8 33. Qh7+ Kf8 34. Be4 c4
35. Ra1 Rbd8 36. Rhd1 c3 37. dxc3 Rxd1 38. Rxd1 Rxd1 39. Kxd1 Qxc3 40. Ke2 Bg5
41. Bd3 Bh4 42. Bc2 Qe1+ 43. Kd3 Qf1+ 44. Kc3 Qxf3 45. Qe4 Be1+ 46. Kb3 Qxe4
47. Bxe4 Ke7 48. Kc2 Kf6 49. Kd1 Ba5 50. Ke2 g6 51. hxg6 fxg6 52. Bd3 b4 53.
Bc2 Kg5 54. Kf3 Bb6 55. Bd1 h5 56. gxh5 gxh5 57. Bb3 Kf6 58. Bd5 Kg5 59. Bb3
Kh4 60. Bf7 Bc5 61. Be6 Kg5 62. Bf7 h4 63. Be6 Kf6 64. Bd5 Ke7 65. Ke2 Kd6 66.
Bg2 b3 67. Kd3 Bb4 68. Kc4 b2 69. Be4 h3 70. Kb3 b1=Q+ 71. Bxb1 Kd5 72. Bf5 h2
73. Bc8 e4 0-1

[Event "Mittelfrankenliga 05/06 (B1)"]
[Site "Mfr.2005/06-R8"]
[Date "2006.04.02"]
[Round "8.6"]
[White "Linsenmeyer, Mario"]
[Black "Krauss, Hermann"]
[Result "1/2-1/2"]
[WhiteElo "1911"]
[BlackElo "1999"]
[Annotator "Gr'seebach1-NT Nbg.3"]
[PlyCount "102"]
[EventDate "2006.04.02"]
[SourceDate "2005.10.17"]

1. e4 c5 2. Nf3 d6 3. d4 cxd4 4. Nxd4 Nf6 5. Nc3 a6 6. Be3 Qc7 7. f3 e6 8. Qd2
Nbd7 9. O-O-O b5 10. g4 Nb6 11. h4 b4 12. Nb1 d5 13. e5 Nfd7 14. f4 Nc5 15. Nb3
Bb7 16. Nxc5 Bxc5 17. Bxc5 Qxc5 18. Qd4 Rc8 19. c3 Ke7 20. Rh2 a5 21. Rc2 Qxd4
22. Rxd4 bxc3 23. Nxc3 Rc5 24. Bd3 h5 25. g5 Rhc8 26. Kd2 Bc6 27. Ne2 Rxc2+ 28.
Kxc2 Bb5+ 29. Kd2 Bxd3 30. Kxd3 f6 31. b3 fxe5 32. fxe5 Nd7 33. Ke3 Nxe5 34.
Ra4 Ng6 35. Nf4 Rc3+ 36. Kd2 Nxf4 37. Kxc3 e5 38. Rxa5 d4+ 39. Kd2 Ke6 40. Rb5
e4 41. a4 e3+ 42. Kd1 d3 43. Rb8 Nd5 44. Rc8 Ke5 45. a5 Nb4 46. Rc4 Na6 47. Ra4
Kd5 48. b4 Kc4 49. b5+ Kxb5 50. Re4 e2+ 51. Kd2 Nc5 1/2-1/2

[Event "Mittelfrankenliga 05/06 (B1)"]
[Site "Mfr.2005/06-R8"]
[Date "2006.04.02"]
[Round "8.7"]
[White "Bayer, Marius"]
[Black "Rosin, Ralf"]
[Result "0-1"]
[WhiteElo "1879"]
[BlackElo "1961"]
[Annotator "Gr'seebach1-NT Nbg.3"]
[PlyCount "94"]
[EventDate "2006.04.02"]
[SourceDate "2005.10.17"]

1. d4 Nf6 2. Nf3 d5 3. c4 c6 4. Nc3 e6 5. Bf4 dxc4 6. a4 Bb4 7. Ne5 b5 8. g3
Bb7 9. Bg2 Qb6 10. O-O O-O 11. e3 Nbd7 12. Ne4 Rfd8 13. Ng5 Nxe5 14. Bxe5 Be7
15. Qc2 h6 16. a5 Qa6 17. Bxf6 Bxf6 18. Qh7+ Kf8 19. Ne4 Rd5 20. Nxf6 gxf6 21.
Bxd5 cxd5 22. Qxh6+ Ke7 23. Qf4 Rc8 24. h4 b4 25. h5 c3 26. bxc3 bxc3 27. Rfc1
Qe2 28. h6 c2 29. Kg2 Ba6 30. Re1 Qd2 31. e4 Qxd4 32. h7 Bd3 33. Rh1 Qxe4+ 34.
Qxe4 Bxe4+ 35. f3 Bxh7 36. Kf2 Rc3 37. Ke2 Bg6 38. Rhc1 d4 39. Ra4 Re3+ 40. Kf2
e5 41. Rb4 Bd3 42. Rb7+ Ke6 43. Rxa7 Re2+ 44. Kf1 Rh2+ 45. Ke1 Bc4 46. Ra8 d3
47. Rd8 Bd5 0-1

[Event "Mittelfrankenliga 05/06 (B1)"]
[Site "Mfr.2005/06-R8"]
[Date "2006.04.02"]
[Round "8.8"]
[White "Kirch, Daniel"]
[Black "Puehn, Georg"]
[Result "1/2-1/2"]
[WhiteElo "1872"]
[BlackElo "1890"]
[Annotator "Gr'seebach1-NT Nbg.3"]
[PlyCount "111"]
[EventDate "2006.04.02"]
[SourceDate "2005.10.17"]

1. d4 d5 2. c4 c6 3. cxd5 cxd5 4. Nc3 Nf6 5. Bf4 Nc6 6. Nf3 Bf5 7. e3 a6 8. Rc1
e6 9. Qb3 Bb4 10. Be2 Qe7 11. O-O Bxc3 12. bxc3 O-O 13. Ne5 Nxe5 14. Bxe5 Ne4
15. Qb4 Qd7 16. f3 Nd2 17. Rfd1 Nc4 18. Bxc4 dxc4 19. e4 Bg6 20. Qxc4 Rfc8 21.
Qb4 b5 22. c4 bxc4 23. Rxc4 f6 24. Bg3 Bf7 25. Rdc1 Rxc4 26. Qxc4 h6 27. a4 a5
28. Bf2 Rb8 29. Be1 Rd8 30. Rd1 Ra8 31. Rb1 Rd8 32. Rd1 Ra8 33. Rb1 Rd8 34. Bc3
Rc8 35. Qb3 Qd6 36. Rd1 Rb8 37. Qc4 Qd7 38. Bxa5 Ra8 39. Qb4 Qa7 40. Bb6 Qxa4
41. Qxa4 Rxa4 42. Rb1 Ra2 43. Bc5 Rc2 44. Rb8+ Kh7 45. Ba3 h5 46. Rd8 Rd2 47.
Bb4 Rb2 48. Be1 Rb5 49. Kf2 h4 50. Ke3 Rb3+ 51. Ke2 Rb2+ 52. Bd2 h3 53. g4 f5
54. gxf5 exf5 55. exf5 Rb5 56. Bf4 1/2-1/2

[Event "Mittelfrankenliga 05/06 (B1)"]
[Site "Mfr.2005/06-R8"]
[Date "2006.04.02"]
[Round "8.1"]
[White "Woerl, Richard"]
[Black "Kroneder, Christian"]
[Result "1/2-1/2"]
[WhiteElo "1969"]
[BlackElo "2077"]
[Annotator "Schwanstetten1-SW Nbg.2"]
[PlyCount "111"]
[EventDate "2006.04.02"]
[SourceDate "2005.10.17"]

1. e4 e5 2. Nf3 Nc6 3. d4 exd4 4. Nxd4 Qh4 5. Qd3 Bc5 6. c3 Nge7 7. g3 Qf6 8.
Nf3 d6 9. Bg5 Qg6 10. Be3 Bxe3 11. Qxe3 O-O 12. Nbd2 f5 13. Bc4+ Kh8 14. Nh4
Qf6 15. f4 fxe4 16. Nxe4 Nf5 17. Nxf5 Qxf5 18. Ng5 Bd7 19. O-O-O Rae8 20. Qd3
h6 21. h4 Qxd3 22. Rxd3 Na5 23. Bd5 c6 24. Bf7 Bf5 25. Rxd6 Re3 26. Rhd1 hxg5
27. Rd8 Rxd8 28. Rxd8+ Kh7 29. fxg5 Rxg3 30. b4 Rxc3+ 31. Kd2 Rc2+ 32. Kd1 Rf2
33. Bg8+ Kg6 34. bxa5 Kh5 35. Rd4 Rh2 36. Rb4 Bc8 37. a6 b6 38. Re4 Bxa6 39.
Re7 g6 40. Rh7+ Kg4 41. Be6+ Kg3 42. h5 Be2+ 43. Kc1 Rxh5 44. Rxa7 Rxg5 45. Kd2
Kf2 46. Rf7+ Bf3 47. Rf6 Kg3 48. Bf7 Bd5 49. Bxg6 Bxa2 50. Rxc6 b5 51. Kc3 Kf4
52. Kb4 Bc4 53. Bf7 Bxf7 54. Rf6+ Ke5 55. Rxf7 Kd6 56. Rf6+ 1/2-1/2

[Event "Mittelfrankenliga 05/06 (B1)"]
[Site "Mfr.2005/06-R8"]
[Date "2006.04.02"]
[Round "8.2"]
[White "Wittmann, Karl"]
[Black "Hirn, Erwin"]
[Result "0-1"]
[WhiteElo "2056"]
[BlackElo "1994"]
[Annotator "Schwanstetten1-SW Nbg.2"]
[PlyCount "120"]
[EventDate "2006.04.02"]
[SourceDate "2005.10.17"]

1. e4 c6 2. d4 d5 3. Nc3 dxe4 4. Nxe4 Nf6 5. Nxf6+ exf6 6. c3 Bd6 7. Bd3 O-O 8.
Qc2 Re8+ 9. Ne2 h6 10. O-O Qc7 11. Ng3 Nd7 12. Qd1 Nf8 13. Qh5 Bf4 14. Qf3 Bxc1
15. Rfxc1 Be6 16. Nf5 Bxf5 17. Qxf5 Re7 18. Re1 Rae8 19. Rxe7 Qxe7 20. g3 g6
21. Qf3 Ne6 22. h4 Kg7 23. Qe3 Qd7 24. Qf3 f5 25. Kf1 Nc7 26. Re1 Rxe1+ 27.
Kxe1 Qe6+ 28. Qe2 Kf6 29. f4 Qxe2+ 30. Kxe2 g5 31. hxg5+ hxg5 32. Bc4 Kg6 33.
Ke3 f6 34. a3 Kg7 35. Ba2 Kf8 36. c4 Ke7 37. b4 Kd6 38. Bb3 Ke7 39. a4 b6 40.
d5 cxd5 41. cxd5 Kd6 42. Kd4 Ne8 43. Ba2 Ng7 44. Ke3 Nh5 45. Kf3 g4+ 46. Kf2 a5
47. bxa5 bxa5 48. Bb3 Kc5 49. Ba2 Ng7 50. Ke3 Ne8 51. Bb1 Nd6 52. Bd3 Kxd5 53.
Ba6 Kc5 54. Bd3 Kb4 55. Bc2 Kc3 56. Bd1 Nc4+ 57. Kf2 Nb2 58. Be2 Nxa4 59. Ba6
Nc5 60. Bc8 Ne4+ 0-1

[Event "Mittelfrankenliga 05/06 (B1)"]
[Site "Mfr.2005/06-R8"]
[Date "2006.04.02"]
[Round "8.3"]
[White "Schuster, Norbert[59]"]
[Black "Manthey, Frank"]
[Result "1/2-1/2"]
[WhiteElo "1960"]
[BlackElo "2018"]
[Annotator "Schwanstetten1-SW Nbg.2"]
[PlyCount "105"]
[EventDate "2006.04.02"]
[SourceDate "2005.10.17"]

1. d4 d5 2. Nf3 Nf6 3. Bf4 e6 4. e3 c5 5. c3 Bd6 6. Nbd2 Bxf4 7. exf4 Qc7 8. g3
b6 9. Bd3 O-O 10. Qe2 a5 11. O-O Ba6 12. Rfe1 Bxd3 13. Qxd3 Nc6 14. Ne5 Rac8
15. Ndf3 cxd4 16. Nxc6 Qxc6 17. Nxd4 Qd6 18. Re2 g6 19. Nb5 Qd7 20. Nd4 Rc5 21.
Nf3 Rfc8 22. Qd4 Qd8 23. Ne5 b5 24. a3 Nd7 25. Ng4 h5 26. Nh6+ Kf8 27. Rxe6 f6
28. g4 Kg7 29. g5 Rc4 30. Qe3 Re4 31. Rxe4 dxe4 32. Rd1 Qe7 33. Qd4 Nc5 34. b4
Nd3 35. f3 Nxf4 36. Qd7 Re8 37. gxf6+ Kxf6 38. Qc6+ Kg5 39. Rd7 Qe6 40. Nf7+
Kh4 41. Qxe6 Rxe6 42. fxe4 axb4 43. cxb4 Rxe4 44. Nd6 Re1+ 45. Kf2 Nd3+ 46. Kg2
Re2+ 47. Kf1 Rxh2 48. Nxb5 Nf4 49. Nd6 Kg3 50. Ne4+ Kf3 51. Nd2+ Kg3 52. Ne4+
Kf3 53. Nd2+ 1/2-1/2